| 000 | 00444nam a2200109Ia 4500 | ||
|---|---|---|---|
| 008 | 160909s9999 xx 000 0 und d | ||
| 100 | _aJohnson, Andrea M. | ||
| 245 | _aIncongruous Conceptions: Owen Jones's “Plans, Elevations, Sections and Details of the Alhambra” and British Views of Spain | ||
| 260 |
_bUniversity of South Florida. _c2016 |
||
| 650 | _aMULTIMEDIA ARTS | ||
| 856 | _uhttp://pqdtopen.proquest.com/doc/1777606606.html?FMT=ABS | ||
| 999 |
_c304318 _d304318 |
||